Estadísticas para Capitales de los países clasificados a CATAR 2022

Haz click aquí para intentar la prueba.

Estadísticas generales

  • Esta prueba ha sido intentada 109 veces
  • La puntuación promedio es 27 de 32

Estadísticas de respuestas

GrupoPaísesCapitales% Correcto
"C"ArgentinaBuenos Aires
98%
"B"InglaterraLondres
98%
Países BajosÁmsterdam
97%
AlemaniaBerlín
97%
"G"BrasilBrasilia
97%
"F"BélgicaBruselas
97%
"H"PortugalLisboa
97%
"E"EspañaMadrid
97%
"D"FranciaParís
97%
JapónTokio
97%
Estados UnidosWashington D.C.
95%
UruguayMontevideo
92%
CanadáOttawa
92%
EcuadorQuito
92%
AustraliaCanberra
91%
Corea Del SurSeúl
91%
PoloniaVarsovia
91%
CroaciaZagreb
91%
SuizaBerna
90%
DinamarcaCopenhague
90%
"A"CatarDoha
86%
MarruecosRabat
82%
SerbiaBelgrado
80%
TúnezTúnez
78%
IránTeherán
75%
Costa RicaSan José
73%
Arabia SauditaRiad
68%
GalesCardiff
67%
SenegalDakar
65%
MéxicoMéxico D.F.
47%
CamerúnYaundé
42%
GhanaAccra
41%

Distribución de puntuación

Porcentaje por número respondido

Porcentaje de gente con cada puntuación

Historial de tus puntuaciones

No has intentado esta prueba.